A statistical portrait. (Record no. 45342)

MARC details
000 -LEADER
fixed length control field 00724cam a22002411 4500
001 - CONTROL NUMBER
control field ne 62001682
003 - CONTROL NUMBER IDENTIFIER
control field DLC
005 - DATE AND TIME OF LATEST TRANSACTION
control field 20260227111738.0
008 - FIXED-LENGTH DATA ELEMENTS--GENERAL INFORMATION
fixed length control field 830621s1960 ua ab f000 0 eng
010 ## - LIBRARY OF CONGRESS CONTROL NUMBER
LC control number ne 62001682
025 ## - OVERSEAS ACQUISITION NUMBER
Overseas acquisition number PL480:UAR-287
035 ## - SYSTEM CONTROL NUMBER
System control number (OCoLC)9630050
040 ## - CATALOGING SOURCE
Original cataloging agency DLC
Transcribing agency ICIU
Modifying agency ICIU
-- DLC
042 ## - AUTHENTICATION CODE
Authentication code premarc
043 ## - GEOGRAPHIC AREA CODE
Geographic area code f-ua---
050 00 - LIBRARY OF CONGRESS CALL NUMBER
Classification number HA2042
Item number .A56
110 1# - MAIN ENTRY--CORPORATE NAME
Corporate name or jurisdiction name as entry element Egypt.
Subordinate unit Wizārat al-Iqtiṣād wa-al-Tijārah.
245 12 - TITLE STATEMENT
Title A statistical portrait.
260 ## - PUBLICATION, DISTRIBUTION, ETC.
Place of publication, distribution, etc. [Cairo,
Date of publication, distribution, etc. 1960?]
300 ## - PHYSICAL DESCRIPTION
Extent 175 p.
Other physical details illus. (part col.) col. maps.
Dimensions 25 cm.
500 ## - GENERAL NOTE
General note At head of title: United Arab Republic, Egyptian Region, Ministry of Economy.
651 #0 - SUBJECT ADDED ENTRY--GEOGRAPHIC NAME
Geographic name United Arab Republic
Form subdivision Statistics.

No items available.

Powered by Koha